000 01468cam a22003497a 4500
003 CHAP
005 20220329141537.0
008 971013s1988 mx a r 00010 spa d
010 _a69925
011 _a70897
035 _a80451
040 _cCHAP
082 0 4 _a635.9
_bL3Y
100 0 0 _aLarson, Roy A.
_eed.
_964991
245 1 0 _aIntroducción a la floricultura
260 _aMéxico, D. F. :
_bAGT,
_c1988
300 _a551 p.
_b: ilus.
590 _aBATCH-UPD
_b10
_c20130110
_lUCH01
_h1506
590 _aCONVERSION
_b10
_c20130109
_lUCH01
_h1338
650 0 4 _aFloricultura.
_941822
901 _aBK
942 _cLIBRO
949 _a635.9 L3Y
_bBC
_cLIBRO
_d-95002
_eLIBRO
_fc.2
_gI. 143063
_h74150
_i80451
_si
_t24.00
949 _a635.9 L3Y
_bBC
_cLIBRO
_d-95005
_eLIBRO
_fc.5
_gI. 143066
_h74153
_i80451
_si
_t24.00
949 _a635.9 L3Y
_bBC
_cLIBRO
_d33724000193769
_eLIBRO
_fc.6
_gI.c/e
_h87981
_i80451
_si
_t90.00
949 _a635.9 L3Y
_bBC
_cLIBRO
_d33724000618641
_eLIBRO
_fc.9
_h42757
_i80451
_si
949 _a635.9 L3Y
_bBC
_cLIBRO
_d33724000696431
_eLIBRO
_fc.8
_h87983
_i80451
_si
_t90.00
949 _a635.9 L3Y
_bBC
_cLIBRO
_d33724000821989
_eLIBRO
_fc.7
_gI.c/e
_h87982
_i80451
_si
_t90.00
949 _a635.9 L3Y
_bBC
_cLIBRO
_d33724000905477
_eLIBRO
_fc.4
_gI. 143065
_h74153
_i80451
_si
_t24.00
949 _a635.9 L3Y
_bBC
_cLIBRO
_d33724000906863
_eLIBRO
_fc.3
_gI. 143064
_h74151
_i80451
_si
_t24.00
949 _a635.9 L3y
_bBC
_cLIBRO
_d33724002071108
_eLIBRO
_fc.10
_gI.c/e
_h109937
_i80451
_so
_t$214.50
999 _c69925
_d69925